Cirugía : (Registro nro. 23044)

Detalles MARC
000 -LEADER
fixed length control field 01354nam a2200325 4500
001 - CONTROL NUMBER
control field 0000013797
003 - CONTROL NUMBER IDENTIFIER
control field CO-CtgCURN
005 - DATE AND TIME OF LATEST TRANSACTION
control field 20250520122859.0
007 - PHYSICAL DESCRIPTION FIXED FIELD--GENERAL INFORMATION
fixed length control field ta
008 - FIXED-LENGTH DATA ELEMENTS--GENERAL INFORMATION
fixed length control field 160627s2001 000 0 eng d
020 ## - INTERNATIONAL STANDARD BOOK NUMBER
International Standard Book Number 9586554686
040 ## - CATALOGING SOURCE
Original cataloging agency CO-CtgCURN
Language of cataloging spa
Transcribing agency coctgcurn
082 0# - DEWEY DECIMAL CLASSIFICATION NUMBER
Classification number 616.992
Item number G65c
100 1# - MAIN ENTRY--PERSONAL NAME
Personal name Gómez Wolff, Luis Rodolfo.
245 10 - TITLE STATEMENT
Title Cirugía :
Remainder of title oncología /
Statement of responsibility, etc. Luis Rodolfo Gómez Wolff , Luis Norman Pelaez Alvarez.
260 ## - PUBLICATION, DISTRIBUTION, ETC.
Place of publication, distribution, etc. Medellin :
Name of publisher, distributor, etc. Universidad de Antioquia,
Date of publication, distribution, etc. 2001.
300 ## - PHYSICAL DESCRIPTION
Extent 542 p.
336 ## - CONTENT TYPE
Source rdacontent
337 ## - MEDIA TYPE
Source rdamedia
Media type term sin mediacion
Media type code n
338 ## - CARRIER TYPE
Source rdacarrier
Carrier type term volumen
Carrier type code nc
500 ## - GENERAL NOTE
General note Incluye indice Analitico y Anexo.
505 8# - FORMATTED CONTENTS NOTE
Formatted contents note Bases moleculares de la neoplasia.--Clasificacion y estadificacion de los tumores.--Consideraciones epidemiologicas y estadisticas para el estudio del cancer.--Carcinoma de pulmon.--Neurooncología.--Tumores del tracto gastrointestinal.--Cancer de mama.--Tumores ginecologicos.--Cancer de testiculo.--Leucemia
650 14 - SUBJECT ADDED ENTRY--TOPICAL TERM
Topical term or geographic name entry element Oncología ginecologica.
650 14 - SUBJECT ADDED ENTRY--TOPICAL TERM
Topical term or geographic name entry element Oncología quirúrgica
700 1# - ADDED ENTRY--PERSONAL NAME
Personal name Pelaez Alvarez, Luis Norman.
908 ## - PUT COMMAND PARAMETER (RLIN)
Put command parameter 160627
942 ## - ADDED ENTRY ELEMENTS (KOHA)
Koha item type Libros
Classification part 616.992
Item part G65c
Source of classification or shelving scheme Dewey Decimal Classification
Suppress in OPAC No
Existencias
Withdrawn status Lost status Source of classification or shelving scheme Damaged status Not for loan Collection Home library Current library Shelving location Date acquired Inventory number Total checkouts Full call number Barcode Date last seen Copy number Price effective from Koha item type Public note
    Dewey Decimal Classification     General Miguel Henríquez Emiliani Miguel Henríquez Emiliani General 03/31/2025 009439   616.992 G65c 009439 03/31/2025 ej.1 03/31/2025 Libros 610-CIENME
    Dewey Decimal Classification     General Miguel Henríquez Emiliani Miguel Henríquez Emiliani General 03/31/2025 009440   616.992 G65c 009440 03/31/2025 ej.2 03/31/2025 Libros 610-CIENME